Squid Game Characters by Picture - Statistics

General Stats
  • This quiz has been taken 333 times
  • The average score is 14 of 20
Answer Stats
Picture Answer % Correct
Ali Abdul
97%
Seong Gi-Hun
96%
Thanos
92%
Hwang In-ho
84%
Park Min-Su
81%
Oh Il-Nam
80%
The Recruiter
78%
Kang Dae-Ho
76%
Kang Sae-Byeok
76%
Nam-Gyu
75%
Cho Sang-Woo
74%
Kim Jun-Hee
69%
Park Jung-Bae
64%
Lee Myung-Gi
62%
Hwang Jun-Ho
58%
Jang Deok-Su
56%
Cho Hyun-Ju
52%
Park Yong-Sik
46%
Jang Guem-Ja
44%
Han Mi-Nyeo
42%
No matching quizzes found
Score Distribution
Percent of People with Each Score
Percentile by Number Answered
Your Score History
You have not taken this quiz